| 000 | 00779 a2200181 4500 | ||
|---|---|---|---|
| 003 | Nust | ||
| 005 | 20230208091154.0 | ||
| 010 | _a 2012430203 | ||
| 040 | _cNust | ||
| 082 | _a954.1,AZA | ||
| 100 | 1 |
_aQadri, Azam. _99655 |
|
| 245 | 1 | 0 |
_aWhat more can a soldier desire? _bNH and SJ, Pakistan's highest decorated Officer / _cAzam Qadri. |
| 246 | 1 | 4 | _bMaj. Shabir Sharif, NH and SJ, a story about Pakistan's highest decorated Officer |
| 260 |
_aRawalpindi : _bMoving Fingers, _c2011. |
||
| 300 |
_axviii, 224 p. : _bill. (some col.), maps ; _c24 cm. |
||
| 505 | _aMaj Shabir as I Knew Him (Page-1), Maj Shabir in Indo-Pak War of 1965 (Page-85), Maj Shabir Heroics During the Indo-Pak War of 1971 (Page-119), Early Life and Days in PMA (Page-177). | ||
| 942 |
_2ddc _cBK _k954.1,AZA |
||
| 999 |
_c190779 _d190779 |
||